000 00661nam a2200265Ia 4500
005 20250425161822.0
008 250425s9999 xx 000 0 und d
020 _a0256246262
041 _aeng
082 _a332.632
100 _aBODIE, ZVI
245 0 _aINVESTMENTS
250 _a4TH ED.
260 _aBOSTON
260 _aEstados Unidos
_bMCGRAW-HILL
_c1999
300 _a967
500 _aThe Irving/Mcgraw-hill series in Finance, Insurance, and Real Estate
650 _aINVERSIONES
650 _aMERCADO DE CAPITALES
650 _aSEGURIDAD
650 _aVALOR DEL MERCADO
710 _aMCGRAW-HILL
942 _c01
010 _a30949
999 _c216732
_d216732